00514nam a2200169Ia 4500008005200000020001500052082001700067100002100084245007900105250002300184260003600207300002100243504001900264650002600283650001500309650002000324200103s 1975 ||||xx |||||||||||||| ||und|| a0273008803 a620.106bDOU aDouglas, John F. 0aSolution of problems in fluid mechanics: a problem-based textbook, Part. 2 aAll-metric edition bPitman Publishingc1975aLondon aix, 253 p.: ill. aIncludes index aHydraulic engineering aHydraulics aFluid mechanics